000 00686nam a2200193 i 4500
001 65691
003 ES-MaACL
005 20230906165439.0
007 t|
008 040120s1958 sp ||||1| spa d
100 1 _aFuchs, Ernst.
_952807
245 1 0 _aOftalmología /
_cErnst Fuch ; actualizada por Adalbert Fuchs ; traducción de la 18ª edición alemana revisada y ampliada por Santiago Vilahur Pedrols.
250 _a3ª ed. española.
260 _aBarcelona :
_bLabor,
_c1958 (
_fTalls. Gráf. Ibero-Americanos)
300 _a2 t. :
_bil. ;
_c25 cm.
700 1 _aFuchs, Adalbert.
_952804
700 1 _aVilahur Pedrals, Jaime.
_9114765
852 _aES-MaACL
_jC-14667-8
_bR.42714
999 _c65691
_d65691